Normal view
MARC view
- Manchanda,S C
Entry Personal Name
001 - CONTROL NUMBER
- control field: 8055
003 - CONTROL NUMBER IDENTIFIER
- control field: OSt
005 - DATE AND TIME OF LATEST TRANSACTION
- control field: 20260116105304.0
008 - FIXED-LENGTH DATA ELEMENTS
- fixed length control field: 260116|| aca||aabn | a|a d
040 ## - CATALOGING SOURCE
- Original cataloging agency: OSt
- Transcribing agency: OSt
100 ## - HEADING--PERSONAL NAME
- Personal name: Manchanda,S C
670 ## - SOURCE DATA FOUND
- Source citation: Work cat.: (OSt)755129: Manchanda,S C, Security analysis and portfolio management, 2025.
